The white devil : (Record no. 9652)

MARC details
000 -LEADER
fixed length control field 01446nac a22003251u 4500
003 - CONTROL NUMBER IDENTIFIER
control field EG-ScBUE
005 - DATE AND TIME OF LATEST TRANSACTION
control field 20210309120403.0
008 - FIXED-LENGTH DATA ELEMENTS--GENERAL INFORMATION
fixed length control field 200219s1996 ii f 000 d eng d
020 ## - INTERNATIONAL STANDARD BOOK NUMBER
International Standard Book Number 8175811102 (pbk. : alk. paper)
040 ## - CATALOGING SOURCE
Original cataloging agency EG-ScBUE
Language of cataloging eng
Description conventions rda
Transcribing agency EG-ScBUE
Modifying agency EG-ScBUE
082 04 - DEWEY DECIMAL CLASSIFICATION NUMBER
Classification number 822.3
Item number WEB
Edition number 22
100 1# - MAIN ENTRY--PERSONAL NAME
Personal name Webster, John,
Relator term author.
245 14 - TITLE STATEMENT
Title The white devil :
Remainder of title edited with a critical introduction, complete paraphrase of the text, model explanations, notes and questions and answers /
Statement of responsibility, etc John Webster ; edited by Raghukul Tilak, M.A., Ph.D., Department of English, Meerut College, Meerut and Anupam Gupta, M.A., Ph.D.
250 ## - EDITION STATEMENT
Edition statement Fourth edition.
264 #1 - PUBLICATION, DISTRIBUTION, ETC. (IMPRINT)
Place of publication, distribution, etc New Delhi :
Name of publisher, distributor, etc Rama Brothers Educational Publishing,
Date of publication, distribution, etc 1996.
300 ## - PHYSICAL DESCRIPTION
Extent x, 468 pages ;
Dimensions 20 cm
336 ## - CONTENT TYPE
Source rdacontent
Content type term text
Content type code txt
337 ## - MEDIA TYPE
Source rdamedia
Media type term unmediated
Media type code n
338 ## - CARRIER TYPE
Source rdacarrier
Carrier type term volume
Carrier type code nc
500 ## - GENERAL NOTE
General note "Based on The Revels plays edition edited by John Russell Brown, published by Methuen & Co., 1960, and by Manchester University Press, 1977."
500 ## - GENERAL NOTE
General note Includes suggesting readings list.
500 ## - GENERAL NOTE
General note Distributer:Al-Ahram.
650 #7 - SUBJECT ADDED ENTRY--TOPICAL TERM
Topical term or geographic name as entry element Revenge
General subdivision Drama.
Source of heading or term BUEsh
651 ## - SUBJECT ADDED ENTRY--GEOGRAPHIC NAME
Source of heading or term BUEsh
653 ## - INDEX TERM--UNCONTROLLED
Resource For college Humanities: English
655 #7 - INDEX TERM--GENRE/FORM
Genre/form data or focus term Tragedies.
Form subdivision Reading book
700 1# - ADDED ENTRY--PERSONAL NAME
Personal name Tilak, Raghukul,
Relator term author.
856 42 - ELECTRONIC LOCATION AND ACCESS
Materials specified Publisher description
Uniform Resource Identifier <a href="http://www.loc.gov/catdir/enhancements/fy0601/95021693-d.html">http://www.loc.gov/catdir/enhancements/fy0601/95021693-d.html</a>
942 ## - ADDED ENTRY ELEMENTS (KOHA)
Koha item type Book - Borrowing
Call number prefix 822.3WEB
Source of classification or shelving scheme Dewey Decimal Classification
Holdings
Withdrawn status Lost status Source of classification or shelving scheme Damaged status Not for loan Collection code Home library Current library Shelving location Date acquired Source of acquisition Total Checkouts Full call number Barcode Date last seen Cost, replacement price Price effective from Koha item type
    Dewey Decimal Classification     Alahram Central Library Central Library Second Floor 27/05/2008 Purchase   822.3 WEB 000011429 26/09/2022 22.00 27/05/2008 Book - Borrowing